书目信息 |
| 题名: |
黄淮海流域水资源合理配置
|
|
| 作者: | 王浩 著 | |
| 分册: | ||
| 出版信息: | 北京 科学出版社 2003 |
|
| 页数: | 237页 | |
| 开本: | 26cm | |
| 丛书名: | 现代水资源丛书 | |
| 单 册: | ||
| 中图分类: | TV213.4 | |
| 科图分类: | ||
| 主题词: | ||
| 电子资源: | ||
| ISBN: | 7-03-011576-7 | |
| 000 | 00918oam2 2200265 45 | |
| 001 | 002491434 | |
| 005 | 20050401111029.4 | |
| 010 | @a7-03-011576-7@dCNY40.00 | |
| 100 | @a20031031d2003 em y0chiy0110 ea | |
| 101 | 0 | @achi |
| 102 | @aCN@b110000 | |
| 105 | @ab z 000yy | |
| 200 | 1 | @a黄淮海流域水资源合理配置@Ahuang huai hai liu yu shui zi yuan he li pei zhi@f王浩等著@FWang Hao Deng Zhu |
| 210 | @a北京@c科学出版社@d2003 | |
| 215 | @a237页@c地图@d26cm | |
| 225 | 2 | @a现代水资源丛书 |
| 330 | @a本书系统地提出了流域水资源合理配置理论与方法,定量计算了黄淮海流域现状缺水量,并综合评价了南水北调对缓解流域水资源矛盾的功效等。 | |
| 410 | @12001 @a现代水资源丛书 | |
| 607 | @a黄河@x流域@x水资源管理@x研究 | |
| 607 | @a淮河@x流域@x水资源管理@x研究 | |
| 607 | @a海河@x流域@x水资源管理@x研究 | |
| 690 | @aTV213.4@v4 | |
| 701 | 0 | @a王浩@4著 |
| 801 | 0 | @aCN@bNLC@c20040210 |
| 905 | @b347391-392@dTV213.4@e13@f2 | |
| 黄淮海流域水资源合理配置/王浩等著.-北京:科学出版社,2003 |
| 237页:地图;26cm.-(现代水资源丛书) |
| ISBN 7-03-011576-7:CNY40.00 |
| 本书系统地提出了流域水资源合理配置理论与方法,定量计算了黄淮海流域现状缺水量,并综合评价了南水北调对缓解流域水资源矛盾的功效等。 |
| ● |
| 相关链接 |
|
|
|
|
正题名:黄淮海流域水资源合理配置
索取号:TV213.4/13
 
预约/预借
| 序号 | 登录号 | 条形码 | 馆藏地/架位号 | 状态 | 备注 |
| 1 | 0347391 | 203473918 | 第三借阅区/ [索取号:TV213.4/13] | 在馆 | |
| 2 | 0347392 | 203473927 | 第三借阅区/ [索取号:TV213.4/13] | 在馆 |